LEADER 01241nam a2200289 u 4500 001 000000022758 003 CaOOAMICUS 005 20070226111148.0 008 950526s1955 it u000 u ita u 035 $a10573052 040 $aMSA$bita 041 1 $aita$hfre 100 1 $aDelatte, Paul,$cO.S.B.,$d1848-1937.$0(OLS)http://pul/name/1229 245 12$aL'evangelo di Nostro Signor Gesł Cristo il figlio di Dio. /$cVersione italiana sulla terza edizione francese per cura del Sac. Giovanni Montali. 250 $a2. ed. 260 $aTorino :$bSEI,$c1955. 300 $axii, 752 p. ;$c23 cm 490 1 $aStudi Superiori 600 04$aIesus Christus$xVita.$0(OLS)http://pul/subject/707 630 04$aBiblia.$pN.T.$pEvangelia$xCommenti.$0(OLS)http://pul/subject/2802 700 1 $aMontali, Giovanni.$0(OLS)http://pul/name/17178 830 0$aStudi superiori.$0(OLS)http://pul/title/1343 850 $aPUL 852 $aPUL$W1$xDP1 Fondo Cecchetti$y53$m265 E 9$j31921$nBK-PRI$b $qFondi$B31921$CPULBib$Z2$F31921 $HPUL1190 $81 941 1 $a1 996 $6245$aL'evangelo di Nostro Signor Gesł Cristo il figlio di Dio.$9(OLS)http://pul/title/31686 996 $6260$aTorino :$bSEI$9(OLS)http://pul/publisher/47967 LEADER 01254nam a2200289 a 4500 001 000000137408 003 CaOOAMICUS 005 20140214125832.0 008 140214s1996 it u000 u ita r 020 $a88-420-4911-5 040 $aPUL$bita 245 00$aDall'analogico al digitale :$buna rivoluzione soltanto tecnologica? /$cA cura di Jader Jacobelli. 260 $aRoma ;$aBari :$bLaterza,$c1996. 300 $aVI, 250 p. ;$c18 cm 490 1 $aSaggi tascabili Laterza ;$v196 650 4$aTelevisione$zItalia.$0(OLS)http://pul/subject/25500 650 4$aTecnologia$xSviluppi$ySec. XXI.$0(OLS)http://pul/subject/35596 700 1 $aJacobelli, Jader,$cO.I.M.,$d1918-$0(OLS)http://pul/name/40898 830 0$aSaggi tascabili Laterza ;$v196.$0(OLS)http://pul/title/33436 850 $aPUL 852 $aPUL$W1$xDP1 Fondo E. Rossi$y115$m6 A 62$j158402$qFondi$B157922$CPULBib$Z2$F157922 $82 941 1 $a1 961 $aSul dorso collocazione ms. di E. Rossi: Com G J 3 996 $6020$a88-420-4911-5$9(OLS)http://pul/number/154525 996 $6245$aDall'analogico al digitale :$buna rivoluzione soltanto tecnologica?$9(OLS)http://pul/title/173960 996 $6260$aRoma ;$aBari :$bLaterza$9(OLS)http://pul/publisher/57682